000 00582nam a22002177a 4500
005 20220228143949.0
008 220212b |||||||| |||| 00| 0 eng d
020 _a9789388028165
_cRs.395.00
040 _aLoreto College
041 _aEnglish
082 _a371.9
_bMAN
100 _aMangal,S.K.
245 _aCreating an inclusive school
_cS.K.Mangal and Shubhra Mangal
260 _aDelhi
_bPHI Learning
_c2019
300 _axvi,320p
_b22cm
504 _aIncludes index
650 _aInclusive education
700 _4Auth
_aMangal,Shubhra
850 _aLCBED
942 _cBK
999 _c42910
_d93389